000 00605nam a2200193 i 4500
001 50736
003 ES-MaACL
005 20250809035215.0
007 t|
008 030806s1953 sp ||||1| spa d
100 1 _aCuello Calón, Eugenio.
_941986
245 1 0 _aDerecho penal
_b: conforme al nuevo "Código Penal, texto refundido de 1944" /
_cEugenio Cuello Calón.
250 _a11ª ed.
260 _aBarcelona :
_bBosch,
_c1953 (
_fImp. Clarasó)
300 _a1 t. en 2 v. ;
_c23 cm.
650 0 4 _aDerecho penal-
_zEspaña
_911752
852 _aES-MaACL
_jP-315
999 _c50736
_d50736